Statistics for Causes of Death on Mount Everest

Click here to take the quiz!

General Stats

  • This quiz has been taken 3,388 times
    (3,290 since last reset)
  • The average score is 4 of 6

Answer Stats

Cause% Correct
Fall
92%
Exposure
85%
Avalanche/Icefall
57%
Altitude Sickness (AMS)
52%
Illness (non-AMS)
39%
Exhaustion
36%

Score Distribution

Percentile by Number Answered

Percent of People with Each Score

Your Score History

You have not taken this quiz since the last reset